| 000 | 00704nam a2200205Ii 4500 | ||
|---|---|---|---|
| 003 | JO-AjNU | ||
| 008 | 230605s9999||||xx |||||||||||||| ||und|| | ||
| 040 |
_aJO-AjNU _bara _erda _cJO-AjNU |
||
| 041 | _aara | ||
| 050 | 1 | 4 | _aDS38.6.K39 1959 |
| 100 | 3 |
_aبقلم الكيالي، سامي, _eauthor _938659 |
|
| 245 | 0 | 0 | _aسبف الدولة وعصر الحمدانيين |
| 264 | 3 | 1 | _aمصر: دار المعارف، 1959 |
| 300 | _a235ص | ||
| 336 |
_atext _btxt _2rdacontent |
||
| 337 |
_aunmediated _bn _2rdamedia |
||
| 338 |
_avolume _bnc _2rdacarrier |
||
| 490 | 0 | _aمكتبة الدراسات التاريخية | |
| 650 | 4 |
_aعصر الحمدانيين--سيف الدولة - تاريخ _938660 |
|
| 999 |
_aA16260 _c19828 _d19828 |
||